header

Creating evidence for better health financing decisions (Record no. 93834)

MARC details
000 -LEADER
fixed length control field 01793nam a2200373 a 4500
082 04 - DEWEY DECIMAL CLASSIFICATION NUMBER
Classification number 362.1
245 00 - TITLE STATEMENT
Title Creating evidence for better health financing decisions
260 ## - PUBLICATION, DISTRIBUTION, ETC. (IMPRINT)
Place of publication Washington D.C. :
Name of publisher World Bank,
Year of publication c2012.
300 ## - PHYSICAL DESCRIPTION
Number of Pages xxxviii, 344 p. :
Other physical details ill.
490 1# - SERIES STATEMENT
Series statement Directions in development (Washington, D.C.). Human development
505 0# - FORMATTED CONTENTS NOTE
Formatted contents note The case for institutionalizing national health accounts -- Governance structures for NHA -- Building capacity to sustain NHA activities -- Financing strategy for NHA -- Translation and dissemination of NHA -- The value of global and regional partners.
650 #0 - SUBJECT ADDED ENTRY--TOPICAL TERM
Topical Term National health services
Topical Term Medical economics.
Topical Term Medical care, Cost of.
700 1# - ADDED ENTRY--PERSONAL NAME
Personal name Maeda, Akiko.
856 40 - ELECTRONIC LOCATION AND ACCESS
Uniform Resource Identifier http://site.ebrary.com/lib/rucke/Doc?id=10563899

No items available.

© 2026 Rongo University
Contact us: librarian | system librarian | Rongo university